Kỹ thuật nuôi một số loài sinh vật làm thức ăn cho ấu trùng thủy sản

Na minha lista:
Detalhes bibliográficos
Autor principal: Trương Sĩ Kỳ
Formato: Livro
Idioma:Undetermined
Publicado em: Tp. HCM Nông Nghiệp 2000
Assuntos:
Tags: Adicionar Tag
Sem tags, seja o primeiro a adicionar uma tag!
Thư viện lưu trữ: Trung tâm Học liệu Trường Đại học Cần Thơ
LEADER 00550nam a2200181Ia 4500
001 CTU_51961
008 210402s9999 xx 000 0 und d
020 |b 5500 
082 |a 639.8 
082 |b K600 
100 |a Trương Sĩ Kỳ 
245 0 |a Kỹ thuật nuôi một số loài sinh vật làm thức ăn cho ấu trùng thủy sản 
245 0 |c Trương Sĩ Kỳ 
260 |a Tp. HCM 
260 |b Nông Nghiệp 
260 |c 2000 
650 |a artemia 
980 |a Trung tâm Học liệu Trường Đại học Cần Thơ